| 000 | 00570nam a22001817a 4500 | ||
|---|---|---|---|
| 005 | 20251108173206.0 | ||
| 008 | 250721s2005 xx 000 0 ara d | ||
| 082 | 1 | 4 | _a649.5/ عبد |
| 100 | 1 | _aعبد المجيد، جميل طارق | |
| 245 | 1 | 0 | _aلعب الأطفال من الخامات البيئية / |
| 264 | 1 |
_aعمان : _bدار صفاء للنشر و التوزيع، _c2005. |
|
| 300 | _a256 | ||
| 650 | 1 | 7 | _aألعاب الأطفال |
| 650 | 1 | 7 | _aرعاية الطفولة |
| 650 | 1 | 7 | _aلعب الأطفال |
| 942 |
_2ddc _cBK |
||
| 999 |
_c98190 _d98190 |
||